Ethnic Minorities in Vietnam /
Sách được biên soạn bằng tiếng Anh, giới thiệu với bạn đọc về phong tục, đời sống của các dân tộc thiểu số tại Việt Nam.
Kaydedildi:
| Yazar: | |
|---|---|
| Diğer Yazarlar: | , |
| Materyal Türü: | Kitap |
| Dil: | English |
| Baskı/Yayın Bilgisi: |
Hà Nội :
Thế giới,
2000.
|
| Konular: | |
| Etiketler: |
Etiketle
Etiket eklenmemiş, İlk siz ekleyin!
|
| Thư viện lưu trữ: | Mạng thư viện Đại học Đà Nẵng |
|---|
| LEADER | 01349cam a2200445 i 4500 | ||
|---|---|---|---|
| 001 | 000046589 | ||
| 003 | 6087 | ||
| 005 | 20030916100906.0 | ||
| 008 | 010307b2000 vm 000 eng | ||
| 022 | |a T | ||
| 040 | |a IRC |c IRC |d IRC | ||
| 041 | 0 | |a eng | |
| 082 | 1 | 4 | |a 305.8 |b ĐĂ-V |
| 100 | 1 | |a Đặng Nghiêm Vạn. | |
| 245 | 0 | 0 | |a Ethnic Minorities in Vietnam / |c Đặng Nghiêm Vạn, Chu Thái Sơn, Lưu Hùng. |
| 260 | |a Hà Nội : |b Thế giới, |c 2000. | ||
| 300 | |a 295tr. ; |c 20cm. | ||
| 520 | 3 | |a Sách được biên soạn bằng tiếng Anh, giới thiệu với bạn đọc về phong tục, đời sống của các dân tộc thiểu số tại Việt Nam. | |
| 630 | 0 | 4 | |a Việt Nam. |
| 630 | 0 | 4 | |a Dân tộc. |
| 630 | 0 | 4 | |a Dân tộc thiểu số. |
| 630 | 0 | 4 | |a Ethnic Minorities. |
| 630 | 0 | 4 | |a Nhóm xã hội. |
| 650 | 0 | 4 | |a Dân tộc thiểu số. |
| 650 | 0 | 4 | |a Việt Nam |b Dân tộc. |
| 650 | 0 | 4 | |a Vietnam |b Ethnic Minorities. |
| 651 | 4 | |a Việt Nam |x Dân tộc. | |
| 651 | 4 | |a Vietnam |x Ethnic Minorities. | |
| 700 | 1 | |a Chu Thái Sơn. | |
| 700 | 1 | |a Lưu Hùng. | |
| OWN | |a DUT | ||
| 999 | |a From the UDN01 | ||
| TYP | |a Monograph | ||
| TYP | |a Printed language | ||
| 980 | |a Mạng thư viện Đại học Đà Nẵng | ||